| 000 | 00718nam a22002417a 4500 | ||
|---|---|---|---|
| 005 | 20170124110132.0 | ||
| 010 | _aA-806120 | ||
| 020 |
_c37.00 _a812371727X |
||
| 035 | _aA-806120 | ||
| 037 | _bCen Lib/Ret | ||
| 040 |
_aDPL _bEN |
||
| 082 |
_a616.81 _bMAH |
||
| 100 |
_aMaheshwari, M.C. _9108698 |
||
| 245 |
_aStroke and rehabitationl / _cby M.C. Maheshwari [and] K.K. Singh |
||
| 260 |
_aNew Delhi _bNational book trust _c1996 |
||
| 270 |
_bNew Delhi _aA-5, Green park _e110016 |
||
| 300 |
_aix,119p.: _c21cm(Hb) _bill. |
||
| 490 | _aPopular science | ||
| 650 |
_aBrain anatomy _9108699 |
||
| 650 |
_aPsysiology _9108700 |
||
| 700 |
_aK.K. Singh _9108701 |
||
| 942 |
_2ddc _cEN _h616.81 _mMAH |
||
| 999 |
_c131622 _d131622 |
||